000
00286nam a2200121Ia 4500
008
190216s9999||||xx |||||||||||||| ||und||
100
_a
Chellappan K P
245
0
_a
Creative Communication
260
_b
University Of Calicut
_c
1996
300
_a
72p
650
_a
English
942
_c
BK
999
_c
13887
_d
13887